[Event "AUTO-ADV-304"]
[Site "http://www.queenalice.com/game.php?id=168230"]
[Date "2007.2.13"]
[Round "2"]
[White "laufchess"]
[Black "Puffer"]
[Result "1-0"]
[WhiteElo "2009"]
[BlackElo "1892"]

1. e4 e5 2. Nf3 Nc6 3. Bc4 Bc5 4. b4 Bxb4 5. c3 Ba5 6. d4 d6 7. Qb3 Qe7 8. O-O
Bb6 9. Bg5 f6 10. Be3 Na5 11. Qa4+ Bd7 12. Bb5 c6 13. Bd3 Qf7 14. dxe5 c5 15.
Bb5 fxe5 16. Ng5 Bxb5 17. Qxb5+ Qd7 18. Qxd7+ Kxd7 19. Nf7 Nf6 20. Nxh8 Rxh8 21.
Nd2 h6 22. Rae1 Ng4 23. h3 Nxe3 24. Rxe3 Rf8 25. h4 Bc7 26. Kh2 Nc6 27. Kg3 h5
28. Rb1 b6 29. a4 Bd8 30. Rf3 Bf6 31. Nc4 Nd8 32. Rd3 Be7 33. Nxe5+ Ke6 34. Ng6
Rf6 35. Nf4+ Kf7 36. Nxh5 Rh6 37. Rf3+ Kg8 38. Rf5 g5 39. Kg4 gxh4 40. Nf4 Nf7
41. Nd5 Bd8 42. Rf4 1-0

[Event "AUTO-ADV-304"]
[Site "http://www.queenalice.com/game.php?id=168231"]
[Date "2007.2.13"]
[Round "2"]
[White "Puffer"]
[Black "laufchess"]
[Result "0-1"]
[WhiteElo "1904"]
[BlackElo "1997"]

1. e4 e5 2. Nf3 Nc6 3. Bb5 a6 4. Ba4 Nf6 5. d3 b5 6. Bb3 Be7 7. O-O d6 8. a3 Bg4
9. c3 O-O 10. Be3 d5 11. Nbd2 d4 12. cxd4 Nxd4 13. Bxd4 exd4 14. Qc2 c5 15. Rfe1
Nd7 16. Kh1 Rc8 17. Ng1 c4 18. dxc4 Ne5 19. f4 Nxc4 20. Nxc4 bxc4 21. Bxc4 Be6
22. b3 Bxc4 23. bxc4 Qc7 24. Nf3 Qxc4 25. Qf2 Rfd8 26. a4 Bb4 27. Red1 Bc3 28.
Ne5 Qb3 29. Qg3 Qc2 30. Rac1 Qxa4 31. f5 f6 32. Ng4 Kh8 33. h4 Bb2 34. Rb1 Rc3
35. Qe1 Rb3 36. e5 d3 37. exf6 Qxg4 38. f7 Rf8 39. Qe7 Ba3 40. Qe1 d2 41. Qxd2
Qxh4+ 42. Kg1 Bc5+ 43. Kf1 Qh1+ 0-1

[Event "AUTO-ADV-304"]
[Site "http://www.queenalice.com/game.php?id=168232"]
[Date "2007.2.13"]
[Round "2"]
[White "laufchess"]
[Black "joules"]
[Result "1-0"]
[WhiteElo "1914"]
[BlackElo "1952"]

1. e4 c6 2. d4 d5 3. Nc3 dxe4 4. Nxe4 Bf5 5. Ng3 Bg6 6. h4 h6 7. Nf3 Nd7 8. h5
Bh7 9. Bd3 Bxd3 10. Qxd3 Ngf6 11. Bf4 e6 12. O-O-O Be7 13. Kb1 Nd5 14. Bd2 O-O
15. c4 N5f6 16. Qe2 Qc7 17. Nf5 exf5 18. Qxe7 Rfe8 19. Qa3 Ne4 20. Be1 b5 21.
cxb5 cxb5 22. Nh4 Rec8 23. Qd3 Ndf6 24. Nxf5 Qd7 25. Ne3 Rab8 26. f3 Nd6 27. Bb4
Nc4 28. Bc5 Nxe3 29. Qxe3 a5 30. Qa3 a4 31. Qd3 Nd5 32. g3 b4 33. Ka1 Rd8 34.
Rhe1 Rdc8 35. Re5 Qb7 36. Bd6 Ra8 37. Qe4 Ra5 38. Bc5 Rd8 39. Be7 Rd7 40. Bxb4
Ra8 41. Bc5 Rb8 42. Ba3 Rbd8 43. Bc5 Qc8 44. Re1 Nf6 45. Qe2 1-0

[Event "AUTO-ADV-304"]
[Site "http://www.queenalice.com/game.php?id=168233"]
[Date "2007.2.13"]
[Round "2"]
[White "joules"]
[Black "laufchess"]
[Result "0-1"]
[WhiteElo "1934"]
[BlackElo "1932"]

1. Nf3 d5 2. g3 c6 3. Bg2 Nf6 4. d3 Bg4 5. Nbd2 Nbd7 6. b3 e5 7. O-O Bd6 8. Bb2
O-O 9. e4 Re8 10. Re1 Qb6 11. h3 Bc5 12. Qe2 Bh5 13. c4 Bd4 14. Bxd4 exd4 15.
cxd5 cxd5 16. Qf1 dxe4 17. dxe4 Rad8 18. Nc4 Qc5 19. Rac1 Nxe4 20. Ncd2 Nc3 21.
Rxe8+ Rxe8 22. Kh2 Qb4 23. Qd3 Bxf3 24. Nxf3 Ne5 25. Nxe5 Rxe5 26. a3 Qb6 27.
Bxb7 Ra5 28. Re1 g6 29. a4 h5 30. Re8+ Kh7 31. Bf3 Rf5 32. Kg2 a5 33. Rc8 Rf6
34. Rc4 Rd6 35. Bd1 Nxd1 36. Qxd1 d3 37. g4 hxg4 38. hxg4 Qb7+ 39. f3 d2 40. Re4
Rd3 41. Qh1+ Kg7 42. Qa1+ f6 43. g5 Qc6 0-1

[Event "AUTO-INT-261"]
[Site "http://www.queenalice.com/game.php?id=176087"]
[Date "2007.3.2"]
[Round "2"]
[White "joffly"]
[Black "laufchess"]
[Result "0-1"]
[WhiteElo "1657"]
[BlackElo "1878"]

1. e4 e5 2. Nf3 Nc6 3. Bb5 a6 4. Bxc6 dxc6 5. O-O Qd6 6. Nc3 Bg4 7. h3 h5 8. d3
Qf6 9. Bg5 Bxf3 10. Bxf6 Bxd1 11. Bxg7 Bxg7 12. Raxd1 Ne7 13. f4 exf4 14. Rxf4
Bd4+ 15. Kh1 Bxc3 16. bxc3 Rg8 17. Rdf1 Rg7 18. d4 Ng6 0-1

[Event "AUTO-INT-261"]
[Site "http://www.queenalice.com/game.php?id=176088"]
[Date "2007.3.2"]
[Round "2"]
[White "laufchess"]
[Black "joffly"]
[Result "1-0"]
[WhiteElo "1885"]
[BlackElo "1650"]

1. e4 c5 2. Nf3 d6 3. d4 cxd4 4. Nxd4 Nc6 5. Nc3 g6 6. Be3 Bg7 7. Bc4 Nf6 8. f3
O-O 9. Qd2 a6 10. O-O-O Nxd4 11. Bxd4 b5 12. Bd5 Nxd5 13. Bxg7 Nxc3 14. Qxc3 Re8
15. Bh6 f6 16. Qb3+ e6 17. Bf4 Ra7 18. Rxd6 1-0

[Event "AUTO-INT-261"]
[Site "http://www.queenalice.com/game.php?id=176089"]
[Date "2007.3.2"]
[Round "2"]
[White "ryanwilson"]
[Black "laufchess"]
[Result "0-1"]
[WhiteElo "1666"]
[BlackElo "1948"]

1. e4 e5 2. Nf3 Nc6 3. Bb5 a6 4. Bxc6 dxc6 5. O-O Qd6 6. c3 f6 7. d4 Bg4 8. Be3
Ne7 9. Nbd2 exd4 10. cxd4 Qb4 11. Qc2 O-O-O 12. a3 Qb5 13. h3 Bh5 14. Rfe1 Kb8
15. Nh4 g5 16. Nf5 Nxf5 17. exf5 g4 18. hxg4 Bxg4 19. Bf4 h5 20. Qc3 Qxf5 21.
Bh2 Qg6 0-1

[Event "AUTO-INT-261"]
[Site "http://www.queenalice.com/game.php?id=176090"]
[Date "2007.3.2"]
[Round "2"]
[White "laufchess"]
[Black "ryanwilson"]
[Result "1-0"]
[WhiteElo "1911"]
[BlackElo "1574"]

1. e4 Nc6 2. d4 d6 3. Nf3 Bg4 4. d5 Bxf3 5. Qxf3 Ne5 6. Qd1 Nf6 7. Nc3 c6 8. f4
Ned7 9. dxc6 bxc6 10. g4 Qa5 11. Bg2 Nc5 12. e5 Nfe4 13. Bd2 Nxc3 14. Bxc6+ Kd8
15. Bxc3 1-0

[Event "AUTO-OPEN-368"]
[Site "http://www.queenalice.com/game.php?id=180817"]
[Date "2007.3.12"]
[Round "2"]
[White "juliux"]
[Black "laufchess"]
[Result "0-1"]
[WhiteElo "1780"]
[BlackElo "1964"]

1. e4 e5 2. Nf3 Nc6 3. Bc4 Bc5 4. Nc3 Nf6 5. d3 d6 6. Be3 Bxe3 7. fxe3 O-O 8.
O-O Na5 9. Bb3 Nxb3 10. axb3 h6 11. Nd5 Ng4 12. h3 c6 13. hxg4 cxd5 14. exd5
Bxg4 15. Qe1 Qb6 16. d4 Bxf3 17. gxf3 exd4 18. exd4 Qxd4+ 19. Qf2 Qxd5 20. Rxa7
Qg5+ 21. Kh1 Qh5+ 22. Kg1 Rxa7 23. Qxa7 Qg6+ 24. Kh1 Re8 25. Qxb7 Re5 26. Qc8+
Kh7 27. Rf2 Qg3 0-1

[Event "AUTO-OPEN-368"]
[Site "http://www.queenalice.com/game.php?id=180818"]
[Date "2007.3.12"]
[Round "2"]
[White "laufchess"]
[Black "juliux"]
[Result "1-0"]
[WhiteElo "1955"]
[BlackElo "1770"]

1. e4 e5 2. Nf3 Nc6 3. Bc4 h6 4. d4 exd4 5. Nxd4 Nxd4 6. Qxd4 Ne7 7. Nc3 d6 8.
O-O Be6 9. Bxe6 fxe6 10. Qb4 b6 11. Qb5+ c6 12. Qc4 Qd7 13. Rd1 O-O-O 14. a4 Ng6
15. a5 Qb7 16. Qxe6+ Qd7 17. Qxg6 Kb7 18. Bf4 Ra8 19. Bxd6 Bxd6 20. Rxd6 Qe7 21.
a6+ Kb8 22. Rxc6 Rc8 23. Rxb6+ Kc7 24. Rb7+ Kd8 25. Rd1+ 1-0

[Event "GERMAN OPEN"]
[Site "http://www.queenalice.com/game.php?id=188477"]
[Date "2007.3.27"]
[Round "1"]
[White "wolframwuttkefussballgott"]
[Black "laufchess"]
[Result "0-1"]
[WhiteElo "1316"]
[BlackElo "1953"]

1. d4 d5 2. c4 e6 3. Nc3 c6 4. Nf3 dxc4 5. e3 b5 6. g3 Nf6 7. b3 Qa5 8. b4 Bxb4
9. Bd2 Bxc3 10. Rc1 Bb4 0-1

[Event "AUTO-OPEN-368"]
[Site "http://www.queenalice.com/game.php?id=231389"]
[Date "2007.6.27"]
[Round "3"]
[White "laufchess"]
[Black "milo_krokodil4e"]
[Result "1/2-1/2"]
[WhiteElo "2020"]
[BlackElo "1914"]

1. e4 e6 2. d4 d5 3. Nc3 Bb4 4. e5 c5 5. a3 Bxc3+ 6. bxc3 Nc6 7. Qg4 g6 8. Nf3
Nge7 9. Bd3 Nf5 10. O-O O-O 11. dxc5 Qa5 12. c4 dxc4 13. Qxc4 Nce7 14. Bg5 Qc7
15. g4 Ng7 16. Bxe7 Qxe7 17. c6 bxc6 18. Nd4 Bd7 19. Nxc6 Bxc6 20. Qxc6 Qg5 21.
Qe4 h5 22. f3 hxg4 23. fxg4 Nf5 24. Qf4 Qxf4 25. Rxf4 Ne3 26. Kf2 Nd5 27. Rc4
Rfc8 28. Rxc8+ Rxc8 29. h4 Rc3 30. Kf3 Rc5 31. h5 Ne7 32. hxg6 Nxg6 33. Bxg6
fxg6 34. Rd1 Rxe5 35. c4 Kf8 36. Rd6 a5 37. Kf4 Rc5 38. Rxe6 g5+ 39. Ke4 Rxc4+
40. Kf5 Kf7 41. Re3 Rc5+ 42. Re5 Rxe5+ 43. Kxe5 Kg6 44. a4 Kg7 45. Kf5 Kh6 46.
Kf6 Kh7 47. Kxg5 Kg7 48. Kh5 Kh7 49. g5 Kg7 50. g6 Kg8 51. Kg5 Kg7 52. Kf5 Kg8
53. Kf6 Kf8 54. g7+ Kg8 55. Ke6 Kxg7 56. Kd6 Kf7 57. Kc6 Ke7 58. Kc7 Ke8 59. Kb6
Kd7 60. Kxa5 Kc7 61. Ka6 Kb8 1/2-1/2

[Event "AUTO-OPEN-368"]
[Site "http://www.queenalice.com/game.php?id=231390"]
[Date "2007.6.27"]
[Round "3"]
[White "milo_krokodil4e"]
[Black "laufchess"]
[Result "0-1"]
[WhiteElo "1876"]
[BlackElo "1985"]

1. e4 e5 2. Nf3 Nc6 3. Bb5 a6 4. Ba4 Nf6 5. O-O Be7 6. Re1 b5 7. Bb3 d6 8. c3
O-O 9. h3 Na5 10. Bc2 c5 11. d4 cxd4 12. cxd4 Nc6 13. a4 Bb7 14. axb5 axb5 15.
Rxa8 Qxa8 16. d5 Nb4 17. Nc3 Nxc2 18. Qxc2 b4 19. Nb1 Rc8 20. Qd1 Qa1 21. Bg5
Qxb2 22. Nbd2 Qa3 23. Nb3 h6 24. Bc1 Qa4 25. Nfd2 Ne8 26. Qf3 Qa2 27. Qd3 Ba6
28. Qb1 Qxb1 29. Nxb1 Bd3 30. Bd2 Ra8 31. Be3 Bxe4 0-1

[Event "GERMAN OPEN"]
[Site "http://www.queenalice.com/game.php?id=239162"]
[Date "2007.7.12"]
[Round "3"]
[White "laufchess"]
[Black "AndyWo"]
[Result "0-1"]
[WhiteElo "2013"]
[BlackElo "2377"]

1. e4 c5 2. Nf3 Nc6 3. d4 cxd4 4. Nxd4 Nf6 5. Nc3 d6 6. Bg5 e6 7. Qd2 a6 8.
O-O-O Bd7 9. Nxc6 Bxc6 10. Qe2 Qa5 11. Bxf6 gxf6 12. h4 h5 13. Kb1 O-O-O 14. g4
hxg4 15. Qxg4 f5 16. Qg5 Qc7 17. f3 Be7 18. Qg3 fxe4 19. fxe4 Bf6 20. Rd3 Qb6
21. Qf4 Be5 22. Qe3 Qxe3 23. Rxe3 Rh6 24. h5 f5 25. Rhh3 Rg8 26. Re1 f4 27. Bd3
Bxc3 28. bxc3 Rg5 29. Reh1 d5 30. exd5 Bxd5 31. R1h2 Bg2 32. Rh4 e5 33. Kb2 f3
34. Rc4+ Kd8 35. Rb4 f2 36. Rxg2 Rxg2 37. Rxb7 e4 38. Be2 Rg1 39. Rb8+ Kc7 40.
Rf8 e3 41. Rf7+ Kb6 42. Bd3 Rd1 43. Bc4 Re1 44. Ka3 Rxh5 45. Rf6+ Kc5 46. Bxa6
Rh7 47. Bd3 Ra7+ 48. Kb2 e2 49. Rf5+ Kd6 50. Bxe2 Rb7+ 51. Rb5 Rxe2 52. Rxb7
f1=Q 53. Rb6+ Kc5 54. Rb8 Qd1 55. Rc8+ Kb6 56. Rb8+ Kc7 0-1

[Event "AUTO-MASTER-399"]
[Site "http://www.queenalice.com/game.php?id=288632"]
[Date "2007.10.18"]
[Round "1"]
[White "tempii"]
[Black "laufchess"]
[Result "1/2-1/2"]
[WhiteElo "2108"]
[BlackElo "2015"]

1. d4 d5 2. c4 e6 3. Nc3 c6 4. cxd5 exd5 5. Nf3 Nf6 6. Bg5 Be7 7. e3 O-O 8. Bd3
Bg4 9. h3 Bh5 10. Qc2 Nbd7 11. Bxf6 Nxf6 12. Ne5 Bd6 13. g4 Bg6 14. f4 Bxd3 15.
Nxd3 Re8 16. Ne5 Nd7 17. O-O-O Nb6 18. g5 Bxe5 19. dxe5 Nc4 20. Qe2 Nxe5 21.
fxe5 Qxg5 22. Rhg1 Qxe5 23. Rd3 d4 24. Rxd4 Qxe3+ 25. Qxe3 Rxe3 26. h4 Rae8 27.
Kd2 f6 28. Rd7 R3e7 29. Rd3 f5 30. Rd6 f4 31. Rf1 Rf7 32. Rd3 h6 33. Rdf3 Rd8+
34. Kc2 g5 35. hxg5 hxg5 36. Rg1 Rf5 37. Ne4 Rdd5 38. Rf2 Kf7 39. Rh2 Rfe5 40.
Nc3 Rd7 41. Rh7+ Ke6 42. Rxd7 Kxd7 43. Kd3 Re3+ 44. Kd4 Rg3 45. Rxg3 fxg3 46.
Ke3 g2 47. Kf2 Ke6 48. Kxg2 Ke5 49. Kf3 Kf5 50. Ne2 g4+ 51. Ke3 Ke5 52. Kd3 a6
53. a3 b5 54. b3 c5 55. Ke3 a5 56. a4 bxa4 57. bxa4 Kd5 58. Kd3 c4+ 59. Kc3 Ke4
60. Kxc4 Kf3 61. Kd3 Kf2 62. Kd2 g3 63. Kd3 g2 64. Nf4 g1=N 65. Kc4 Nf3 66. Kb5
Ke3 67. Ng6 1/2-1/2

[Event "AUTO-MASTER-399"]
[Site "http://www.queenalice.com/game.php?id=288633"]
[Date "2007.10.18"]
[Round "1"]
[White "laufchess"]
[Black "tempii"]
[Result "0-1"]
[WhiteElo "2028"]
[BlackElo "2098"]

1. e4 c5 2. Nf3 d6 3. d4 cxd4 4. Nxd4 Nf6 5. Nc3 a6 6. Bg5 e6 7. f4 Qc7 8. Bxf6
gxf6 9. Qf3 b5 10. f5 b4 11. Nce2 e5 12. Nb3 Bb7 13. O-O-O Nd7 14. Ng3 Rc8 15.
Bd3 a5 16. Na1 a4 17. Bb5 Bc6 18. Bxc6 Qxc6 19. Rd5 Nc5 20. Kb1 Be7 21. Nh5 a3
22. bxa3 bxa3 23. Ng7+ Kf8 24. Nh5 Na4 25. Rd3 Nc3+ 26. Kc1 Nxa2+ 27. Kd2 Qc4
28. Qe3 Qb4+ 29. Ke2 Nc3+ 30. Kf3 d5 31. Qh6+ Ke8 32. Ng7+ Kd7 33. Re1 Rc4 34.
Qh4 Kc7 35. Rde3 Nxe4 36. Rxe4 dxe4+ 37. Rxe4 Rxe4 38. Qxe4 Qxe4+ 39. Kxe4 Rg8
40. Nh5 Rxg2 41. c3 Rg1 42. Nc2 a2 43. Kd3 a1=Q 44. Nxa1 Rxa1 45. Ng3 Ra2 46.
Ne2 Kc6 47. h4 Rxe2 48. Kxe2 Kc5 49. Kd3 Bd8 50. h5 h6 51. Ke4 Kc4 52. Ke3 Kxc3
53. Ke4 Kc4 54. Ke3 Kd5 55. Kd3 Bb6 56. Kc3 e4 57. Kd2 Kd4 58. Kc2 Ke3 59. Kc3
Kf2 60. Kc4 e3 61. Kb5 Ba7 62. Ka6 Bd4 63. Kb5 e2 64. Kc4 Be5 0-1

[Event "AUTO-MASTER-399"]
[Site "http://www.queenalice.com/game.php?id=288646"]
[Date "2007.10.18"]
[Round "1"]
[White "joacijc"]
[Black "laufchess"]
[Result "1-0"]
[WhiteElo "2037"]
[BlackElo "2044"]

1. d4 d5 2. e3 Nf6 3. Nf3 e6 4. Bd3 c5 5. dxc5 Bxc5 6. Nc3 O-O 7. O-O Nc6 8. a3
Bd6 9. Nb5 Be7 10. b4 e5 11. Be2 a5 12. bxa5 Qxa5 13. Bd2 Qb6 14. Rb1 1-0

[Event "AUTO-MASTER-399"]
[Site "http://www.queenalice.com/game.php?id=288647"]
[Date "2007.10.18"]
[Round "1"]
[White "laufchess"]
[Black "joacijc"]
[Result "0-1"]
[WhiteElo "2028"]
[BlackElo "2053"]

1. e4 e5 2. Nf3 Nc6 3. Bc4 Bc5 4. c3 d6 5. d4 exd4 6. cxd4 Bb4+ 7. Nc3 Nf6 8.
O-O Bg4 9. d5 Bxf3 10. Qxf3 Ne5 11. Qe2 Nfd7 12. Na4 Nxc4 13. Qxc4 Ba5 14. Qb5
Bb6 15. Nxb6 axb6 16. b4 O-O 17. Bb2 f5 18. f3 fxe4 19. fxe4 Rxf1+ 20. Qxf1 Qh4
21. Qf5 Rf8 22. Qe6+ Kh8 23. Rf1 Rxf1+ 24. Kxf1 Qf4+ 0-1

[Event "AUTO-MASTER-399"]
[Site "http://www.queenalice.com/game.php?id=288656"]
[Date "2007.10.18"]
[Round "1"]
[White "laufchess"]
[Black "JimMorrisson"]
[Result "1-0"]
[WhiteElo "2016"]
[BlackElo "2183"]

1. e4 c5 2. Nf3 e6 3. d4 cxd4 4. Nxd4 a6 5. Bd3 g6 6. Be3 Bg7 7. Qd2 Nc6 8. Nxc6
bxc6 9. c3 Ne7 10. Bh6 O-O 11. Bxg7 Kxg7 12. Na3 d5 13. h4 Rb8 14. h5 dxe4 15.
hxg6 Nf5 16. Bxe4 Qxd2+ 17. Kxd2 Rxb2+ 18. Ke1 hxg6 19. Bxc6 Rd8 20. Nc4 Rc2 21.
Rh3 e5 22. Ba4 Nd4 23. Re3 Rh8 24. Nd2 Rh1+ 25. Nf1 Rb2 26. cxd4 exd4 27. Rb3
Rc2 28. Rd3 Rc4 29. Bb3 Rb4 30. Rc1 Bf5 31. Rd2 d3 32. f3 g5 33. Bc4 Ra4 34. Rc3
g4 35. Bxd3 Be6 36. a3 gxf3 37. gxf3 Bh3 38. Rh2 Rxh2 39. Nxh2 Be6 40. Nf1 Kf6
41. Ne3 Ke5 42. Nc2 Bd5 43. Nb4 Bxf3 44. Bc2 Ra5 45. Rxf3 1-0

[Event "AUTO-MASTER-399"]
[Site "http://www.queenalice.com/game.php?id=288657"]
[Date "2007.10.18"]
[Round "1"]
[White "JimMorrisson"]
[Black "laufchess"]
[Result "1/2-1/2"]
[WhiteElo "2172"]
[BlackElo "2039"]

1. e4 e5 2. Nf3 Nc6 3. Bb5 a6 4. Ba4 Nf6 5. O-O Be7 6. Re1 b5 7. Bb3 O-O 8. c3
d5 9. exd5 Nxd5 10. Nxe5 Nxe5 11. Rxe5 c6 12. d3 Bd6 13. Re1 Bf5 14. Nd2 Bxd3
15. Ne4 Bxh2+ 16. Kxh2 Qh4+ 17. Kg1 Bxe4 18. Qd4 Rfe8 19. Bd2 Qg4 20. f3 Bxf3
21. Qxg4 Bxg4 22. Bxd5 cxd5 23. Rxe8+ Rxe8 24. Re1 Rxe1+ 25. Bxe1 f6 26. Kf2 a5
27. Ke3 Bf5 28. Kd4 Bb1 29. a4 bxa4 30. Kxd5 f5 31. g3 g5 32. Bd2 h6 33. c4 Ba2
34. Kd4 Kf7 35. Ke5 Bxc4 36. Kxf5 Bd3+ 37. Kg4 Kg6 38. Bxa5 Be2+ 39. Kh3 Bf3 40.
Bb4 h5 41. Bd2 Bg4+ 42. Kh2 h4 43. gxh4 gxh4 44. Be1 h3 45. Bb4 Kf5 46. Kg3 Ke5
47. Ba3 Be6 48. Kh2 Kf4 49. Bf8 Bf5 50. Ba3 1/2-1/2